Fortune

Αποθηκεύτηκε σε:
Λεπτομέρειες βιβλιογραφικής εγγραφής
Μορφή: Περιοδική έκδοση
Γλώσσα:English
Δημοσίευση: Angeles, Calif. : Time Inc., 1983-
Θέματα:
Ετικέτες: Προσθήκη ετικέτας
Δεν υπάρχουν, Καταχωρήστε ετικέτα πρώτοι!

MARC

LEADER 00000nas a2200000 i 4500
001 1/98189
008 000117c19839999us eng
022 |a 07385587  
035 |l 10056422  
040 |a GR-MY-UA  |b gre  |e aacr 
041 0 |a eng 
082 0 |a 650.05  
245 1 0 |a Fortune   |h [περιοδικό]  
260 |a Angeles, Calif. :   |b Time Inc.,   |c 1983-  
300 |a τ. :   |b εικ. ;   |c 28 εκ.  
310 |a Δεκαπενθήμερο  
650 0 0 |a Business  |x Periodicals. 
650 0 0 |a Commerce  |x Periodicals. 
650 0 0 |a Industrial management  |x Periodicals. 
853 |a INST  |b CHIOS  |c SER  |h 650.05 
901 |a BIBL2-2004-2 
920 |a ΜΑΣΤΡΟΜΑΝΩΛΗΣ  |b ΕΜΜΑΝΟΥΗΛ  |y ΧΙΟΣ  |z 1998-03 
922 |a 2ΕΛΗ  |b 199404  |c ΚΕΝΤΡΙΚΗ ΒΙΒΛΙΟΘΗΚΗ  |d SWETS 
970 |a ΣΠΕΝΤΖΑ  |b ΕΛΕΝΗ  |z 2004/05/10